00418nam a2200145 a 450000100060000000300090000600800410001504000280005608200170008410000270010124500430012826000470017130000080021865000460022613626CO-ViMGA141112s2004 ck r 000 u spa d aCO-ViMGAbspacCO-ViMGA04a924.61 C242e1 aChica de Soto, Manuela10aEnsayo : bconozca a don Juan Montalvo aQuito : bUniversidad de Guayaquil, c1981 a20114aMONTALVO, JUAN - CRITICA E INTERPRETACION